Waluty Europy - Statystyki

Ogólne statystyki
  • Ten quiz został rozwiązany 174 razy
  • Średni wynik to 33 z 45
Statystyki odpowiedzi
Kraj Waluta % Poprawnych
Andora Euro
99%
Austria Euro
99%
Belgia Euro
99%
Czarnogóra Euro
99%
Estonia Euro
99%
Finlandia Euro
99%
Francja Euro
99%
Grecja Euro
99%
Hiszpania Euro
99%
Holandia Euro
99%
Irlandia Euro
99%
Litwa Euro
99%
Luksemburg Euro
99%
Łotwa Euro
99%
Malta Euro
99%
Monako Euro
99%
Niemcy Euro
99%
Portugalia Euro
99%
San marino Euro
99%
Słowacja Euro
99%
Słowenia Euro
99%
Watykan Euro
99%
Włochy Euro
99%
Polska Złoty
90%
Czechy KoronaCzeska
70%
Dania Korona Duńska
58%
Liechtenstein Frank Szwajcarski
57%
Szwajcaria Frank Szwajcarski
57%
Rosja Rubel Rosyjski
57%
Chorwacja Kuna
56%
Norwegia Korona Norweska
55%
Szwecja Korona Szwedzka
55%
Ukraina Hrywna
53%
Bułgaria Lew
48%
Białoruś Rubel Białoruski
45%
Węgry Forint
41%
Islandia Korona Islandzka
39%
Wielka Brytania Funt Szterling
38%
Albania Lek
32%
Turcja Lira Turecka
30%
Rumunia Lej Rumuński
28%
Macedonia północna Denar
26%
Serbia Dinar Serbski
21%
Mołdawia Lej Mołdawski
21%
Bośnia i Hercegowina Marka zmienna
8%
Nie znaleziono quizów pasujących do podanych kryteriów
Rozkład punktacji
Procent ludzi z każdym wynikiem
Percentyl według liczby udzielonych odpowiedzi
Twoja historia wyników
Nie rozwiązałeś tego quizu